Sports Quiz

Random Sports Quiz

Every Yankees Manager Quiz Stats

Quiz not verified by Sporcle

Also try: NBA Defensive POY
Challenge
Share
Tweet
Embed
Score 0/28 Timer 10:00
0 Plays Today
Year(s) As Manager Manager % Correct
2008- Present (8)Joe Girardi
97.7%
1996- 1999*- 2007 (11.5)Joe Torre
97.7%
1975*- 1976- 1977- 1978*- 1979*, 1983, 1985*, 1988* (5.5)Billy Martin
95.5%
1964, 1984- 1985* (2.5)Yogi Berra
88.6%
1992- 1995 (4)Buck Showalter
86.4%
1949- 1960 (12)Casey Stengel
86.4%
1961- 1963, 1966*- 1973 (10.5)Ralph Houk
81.8%
1931- 1946* (15.5)Joe McCarthy
79.5%
1979*- 1981*- 1982* (1.5)Bob Lemon
77.3%
1918- 1929* (11.5)Miller Huggins
77.3%
1981*-1982* (1)Gene Michael
75%
1989 (1)Dallas Green
70.5%
1986- 1988* (2.5)Lou Piniella
70.5%
1989- 1990* (1.5)Bucky Dent
68.2%
Year(s) As Manager Manager % Correct
1990*- 1991 (1.5)Stump Merrill
63.6%
1999 (.5)Don Zimmer
59.1%
1978*, 1980Dick Howser
56.8%
1965*- 1966* (1)Johnny Keane
50%
1982* (.5)Clyde King
43.2%
1947- 1948 (2)Bucky Harris
40.9%
1946* (.5)Bill Dickey
38.6%
1914* (.5)Roger Peckinpaugh
25%
1913- 1914* (1.5)Frank Chance
18.2%
1946* (.5)Johnny Neun
13.6%
1930 (1)Bob Shawkey
13.6%
1929* (.5)Art Fletcher
11.4%
1915- 1917 (3)Bill Donovan
11.4%
1974- 1975* (1.5)Bill Vidron
9.1%

You're not logged in!

Compare scores with friends on all Sporcle quizzes.
Sign Up with Email
OR
Log In

You Might Also Like...

Show Comments

Extras

Top Quizzes Today


Score Distribution

Your Account Isn't Verified!

In order to create a playlist on Sporcle, you need to verify the email address you used during registration. Go to your Sporcle Settings to finish the process.